[Event "SVK-chT3A2 2122"]
[Site "Slovakia"]
[Date "2022.02.27"]
[Round "10.8"]
[White "Petrek, Miroslav"]
[Black "Vonderka, Tomas Martin"]
[Result "1-0"]
[WhiteElo "1396"]
[BlackElo "1000"]
[PlyCount "53"]
[EventDate "2021.10.10"]
[EventType "team-tourn"]
[EventRounds "11"]
[EventCountry "SVK"]
[SourceTitle "EXT 2023"]
[Source "ChessBase"]
[SourceDate "2022.10.05"]
[SourceVersion "1"]
[SourceVersionDate "2022.10.05"]
[SourceQuality "1"]
[WhiteTeam "Skalica"]
[BlackTeam "Modranka Komplet II"]
[WhiteTeamCountry "SVK"]
[BlackTeamCountry "SVK"]

1. d4 d5 2. c4 dxc4 3. e4 b5 4. Nc3 a6 5. a4 bxa4 6. Bxc4 Nf6 7. Nf3 Nc6 8. 0-0 Bg4 9. d5 e5 10. dxc6 Bb4 11. Rxa4 Bxc3 12. bxc3 0-0 13. h3 Nxe4 14. hxg4 Nxc3 15. Qxd8 Raxd8 16. Rxa6 Ne2+ 17. Bxe2 e4 18. Ne5 Rde8 19. Nd7 Ra8 20. Nxf8 Rxf8 21. Rd1 g6 22. Rd7 Rc8 23. Bf4 Rb8 24. Bxc7 Rb1+ 25. Bf1 f5 26. Ra8+ Rb8 27. Rxb8# 1-0